Регионална библиотека "Любен Каравелов" - Русе

При извора на живота (Запис номер 168155)

MARC детайли
000 -Лидер
Контролно поле с фиксирана дължина nam a22 a 4500
003 - Код на организацията, давaща контролен номер
Контролно поле BLK
005 - Дата и час на последна редакция
Контролно поле 20220422154507.0
008 - Елементи от данни с фиксирана дължина
fixed length control field 180411b bul|||||r ||||||| ||bul||
010 ## - Наследен системен номер
LC control number KNG00176027000
040 ## - Източник на каталожния запис
Идентификатор на билиотеката - собственик на записа BLK
041 ## - Код за език
Код за езика на текст/звукозапис или на отделно заглавие Български
Код за езика КДБФ Български
080 ## - УДК
Текстов определител УДК Българска литература
УДК код - определител по УДК 821.163.2
УДК определител -31
УДК - код + определител 821.163.2-31
100 1# - Редна дума - Автор
Автор Калчев, Камен
Авторска отговорност първи автор
Автор - информация (биография) Калчев, Петър Митев
R(LIN) 367490
139 ## - Редно поле
Редна дума Калчев, Камен
Авторски знак Калч - К 20
245 10 - Сведения за заглавието
Заглавие При извора на живота
Подзаглавни данни Роман
Редно поле (дума) Камен Калчев; * Петър Митев Калчев.
257 ## - Страна на издаване
Страна на създаване/издаване България
260 ## - Област на издателските данни
Място на издаване, разпространение и проч. София
Име на издателя, разпространителя и проч. Нар. култура
Година на издаване 1964
300 ## - Физическа характеристика
Страници 198 с., 1 л.
Илюстрации и др. портр.
Размери/Мащаб 20 см
380 ## - Жанр
Жанр Худож. лит.
500 ## - Общи забележки
Забележка Истинското име на авт. е Петър Митев Калчев. - 13 090 тир.
653 ## - Ключова дума – ненормативна
Ключова дума романи
700 1# - Други автори (авторска отговорност)
Лично име Калчев, Петър Митев
Автороска отговорност (Описва отношението между автора и произведението) *
9 (RLIN) 317810
852 ## - Местоположение
Форматна сигнатура Цб 30859
Фондова буква Хранилище
856 4# - Електронен адрес и достъп
Електронен формат pdf - файл
856 4# - Електронен адрес и достъп
Електронен формат pdf - файл
999 ## - СИСТЕМНИ КОНТРОЛНИ НОМЕРА
Koha biblionumber 168155
Koha biblioitemnumber 168155
942 ## - АРТИКУЛИ
Вид на библиотечния материал Книги
Скрит в OPAC Не
Периодичен библиозапис Да
944 ## - СЪЗДАВАНЕ И РЕДАКЦИЯ на ЗАПИСА
Създаване/Редакция Създаване
Дата на регистрацията/редакция 01.06.2015
Статус, дата на статуса ф /
Служител, извършил регистрацията/редакцията Людмила_Стоянова
944 ## - СЪЗДАВАНЕ И РЕДАКЦИЯ на ЗАПИСА
Създаване/Редакция Редакция
Дата на регистрацията/редакция 21.09.2017
Статус, дата на статуса ф /
Служител, извършил регистрацията/редакцията Вася_Ганчева
Наличности
Код за отписване Код за изгубен артикул Източник на класификационната схема Код за повреда Коз за рестрикции Код за отдаване Артикулен № Име на библиотеката - собственик Име на библиотеката, в която се намира в момента Статус (Текущо местоположение) Дата на вписване в системата Местоположение - отдел Цена в лева Инвентарен номер Систематично азбучна сигнатура Баркод Номер на екземпляра Цена в евро Служебна бележка Служебен тип на артикула Бележка за публиката
  Не е изгубен Universal Decimal Classification Не е повреден само за читалня ползва се в читалня 283714 Регионална библиотека "Любен Каравелов" Русе Регионална библиотека "Любен Каравелов" Русе Хранилище 1964-01-01 Хранилище 0.71 11941/64 Цб 30859 900000092898 1 0.36 Дост: Dp Вид: Д N: стар фонд Дата: 01.01.1964 Книги  
Изтеглен Не е изгубен Universal Decimal Classification Не е повреден без рестрикции заемане за дома 283715 Регионална библиотека "Любен Каравелов" Русе Регионална библиотека "Любен Каравелов" Русе Заемна - подръчен фонд 1964-01-01 Заемна - подръчен фонд 0.00 11068/64 П 886.7-31/К 20 11068/64 2 0.00 Дост: Pk Вид: Ф N: стар фонд Дата: 01.01.1964 Книги  
Изтеглен Не е изгубен   Не е повреден без рестрикции заемане за дома 283716 Регионална библиотека "Любен Каравелов" Русе Регионална библиотека "Любен Каравелов" Русе   1964-01-01 Детски отдел 0.71 11087/64 ДХ 886.7/К 20 11087/64 3 0.36 Дост: Pk Вид: Ф N: стар фонд Дата: 01.01.1964 Дата инв: 02.09.2015 Бележки инв: Д2015 Книги Отч.N: 36/2017 , Дата: 05.09.2017
Vip Innovations Ltd, Rousse, Bulgaria 2025